The shadow rising / (Record no. 31127)

MARC details
000 -LEADER
fixed length control field 01227aam a2200373 i 4500
001 - CONTROL NUMBER
control field 1135350305
003 - CONTROL NUMBER IDENTIFIER
control field OCoLC
005 - DATE AND TIME OF LATEST TRANSACTION
control field 20250905015946.0
008 - FIXED-LENGTH DATA ELEMENTS--GENERAL INFORMATION
fixed length control field 200109s2020 nyub 000 1 eng d
020 ## - INTERNATIONAL STANDARD BOOK NUMBER
International Standard Book Number 9781250251923
Qualifying information (paperback)
020 ## - INTERNATIONAL STANDARD BOOK NUMBER
International Standard Book Number 1250251923
Qualifying information (paperback)
035 ## - SYSTEM CONTROL NUMBER
System control number (OCoLC)1135350305
040 ## - CATALOGING SOURCE
Original cataloging agency ZQP
Language of cataloging eng
Description conventions rda
Transcribing agency ZQP
Modifying agency OCLCF
-- GK8
-- JCH
-- TnLvILS
100 1# - MAIN ENTRY--PERSONAL NAME
Personal name Jordan, Robert,
Dates associated with a name 1948-2007,
Relator term author.
245 14 - TITLE STATEMENT
Title The shadow rising /
Statement of responsibility, etc. Robert Jordan.
250 ## - EDITION STATEMENT
Edition statement First premium mass market edition.
264 #1 - PRODUCTION, PUBLICATION, DISTRIBUTION, MANUFACTURE, AND COPYRIGHT NOTICE
Place of production, publication, distribution, manufacture New York :
Name of producer, publisher, distributor, manufacturer TOR,
Date of production, publication, distribution, manufacture, or copyright notice 2020.
264 #4 - PRODUCTION, PUBLICATION, DISTRIBUTION, MANUFACTURE, AND COPYRIGHT NOTICE
Date of production, publication, distribution, manufacture, or copyright notice ©ł992.
300 ## - PHYSICAL DESCRIPTION
Extent 1037 pages :
Other physical details map ;
Dimensions 24 cm.
336 ## - CONTENT TYPE
Content type term text
Content type code txt
Source rdacontent.
337 ## - MEDIA TYPE
Media type term unmediated
Media type code n
Source rdamedia.
338 ## - CARRIER TYPE
Carrier type term volume
Carrier type code nc
Source rdacarrier.
490 1# - SERIES STATEMENT
Series statement The Wheel of time ;
Volume/sequential designation Book four.
500 ## - GENERAL NOTE
General note "A Tom Doherty Associates book."
500 ## - GENERAL NOTE
General note Includes a preview of: The fires of heaven.
500 ## - GENERAL NOTE
General note "Tor fantasy"--Spine.
650 #0 - SUBJECT ADDED ENTRY--TOPICAL TERM
Topical term or geographic name as entry element Rand al'Thor (Fictitious character)
Form subdivision Fiction.
650 #0 - SUBJECT ADDED ENTRY--TOPICAL TERM
Topical term or geographic name as entry element Good and evil
Form subdivision Fiction.
655 #7 - INDEX TERM--GENRE/FORM
Genre/form data or focus term Fantasy fiction.
Source of term lcgft.
655 #7 - INDEX TERM--GENRE/FORM
Genre/form data or focus term Novels.
Source of term lcgft.
800 1# - SERIES ADDED ENTRY--PERSONAL NAME
Personal name Jordan, Robert,
Dates associated with a name 1948-2007.
Title of a work Wheel of time ;
Volume/sequential designation bk. 4.
907 ## - LOCAL DATA ELEMENT G, LDG (RLIN)
a .b457567442
942 ## - ADDED ENTRY ELEMENTS (KOHA)
Koha item type Libro/Book
Holdings
Withdrawn status Lost status Damaged status Not for loan Home library Current library Date acquired Total Checkouts Full call number Barcode Date last seen Price effective from Koha item type
        San Juan Del Sur -- Biblioteca San Juan Del Sur -- Biblioteca 05/09/2025   F 30023396 05/09/2025 05/09/2025 Libro/Book

Powered by Koha